Practical Manual of Pharmaceutical Engineering (Record no. 5752)

MARC details
000 -LEADER
fixed length control field 00541nam a22002057a 4500
003 - CONTROL NUMBER IDENTIFIER
control field OSt
005 - DATE AND TIME OF LATEST TRANSACTION
control field 20170327151941.0
008 - FIXED-LENGTH DATA ELEMENTS--GENERAL INFORMATION
fixed length control field 170327b xxu||||| |||| 00| 0 eng d
020 ## - INTERNATIONAL STANDARD BOOK NUMBER
International Standard Book Number 8185790647
020 ## - INTERNATIONAL STANDARD BOOK NUMBER
International Standard Book Number 9788185790640
040 ## - CATALOGING SOURCE
Transcribing agency DMLN
082 ## - DEWEY DECIMAL CLASSIFICATION NUMBER
Classification number QV737 J99p 2007
100 ## - MAIN ENTRY--PERSONAL NAME
Personal name Jyothi, B. Jeevana
9 (RLIN) 11966
245 ## - TITLE STATEMENT
Title Practical Manual of Pharmaceutical Engineering
260 ## - PUBLICATION, DISTRIBUTION, ETC. (IMPRINT)
Place of publication, distribution, etc. Momai; Nirali Prakashan, 2007
300 ## - PHYSICAL DESCRIPTION
Extent 54p; ill: 24.5cm
650 ## - SUBJECT ADDED ENTRY--TOPICAL TERM
Topical term or geographic name as entry element Pharmaceuticals
9 (RLIN) 5840
650 ## - SUBJECT ADDED ENTRY--TOPICAL TERM
Topical term or geographic name as entry element Engineering
9 (RLIN) 373
942 ## - ADDED ENTRY ELEMENTS (KOHA)
Source of classification or shelving scheme Other/Generic Classification Scheme
Koha item type Short Loan
Holdings
Withdrawn status Lost status Source of classification or shelving scheme Damaged status Not for loan Home library Current library Date acquired Source of acquisition Inventory number Total Checkouts Full call number Barcode Date last seen Koha item type
    Other/Generic Classification Scheme     Pharmacy Department Library Pharmacy Department Library 27/03/2017   11/00051   QV737 J99p 2007 2017-0602 27/03/2017 Short Loan
    Other/Generic Classification Scheme     Pharmacy Department Library Pharmacy Department Library 27/03/2017   11/00052   QV737 J99p 2007 2017-0603 27/03/2017 Short Loan
    Other/Generic Classification Scheme     Pharmacy Department Library Pharmacy Department Library 27/03/2017   11/00053   QV737 J99p 2007 2017-0604 27/03/2017 Short Loan
    Other/Generic Classification Scheme     Pharmacy Department Library Pharmacy Department Library 27/03/2017   11/00054   QV737 J99p 2007 2017-0605 27/03/2017 Short Loan